Real or Constructed Languages - Sudden Death - Statistics

General Stats
  • This quiz has been taken 179 times
  • The average score is 14 of 16
Answers on the Grid
Answers color-coded by a green-red scale on the quiz's grid according to % correct below.
Klingon
Elvish
English
Italian
Na'vi
Portuguese
Khmer
Dothraki
French
Valyrian
Bengali
Japanese
Huttese
Wenja
Lahnda
Telugu
Simlish
Hymmnos
Turkish
Tamil
Penguinese
Parseltongue
German
Hindi
Newspeak
Malay
Spanish
Lapine
Furbish
Urdu
 
Answer Stats
Answer % Correct
English
95%
French
95%
German
95%
Italian
95%
Hindi
92%
Japanese
92%
Spanish
92%
Turkish
92%
Bengali
90%
Portuguese
90%
Tamil
90%
Malay
87%
Urdu
87%
Khmer
79%
Telugu
77%
Lahnda
46%
No matching quizzes found
Score Distribution
Percent of People with Each Score
Percentile by Number Answered
Your Score History
You have not taken this quiz